MARC

Tag First Indicator Second Indicator Subfields
LEADER 00000cam a2200000Ia 4500
001 in00002744913
005 20210728124749.0
006 m d
007 cr |n|---|||||
008 120220s2012 enka ob 001 0 eng d
020 |a 0470742607 (pbk.) 
020 |a 0470742615 (cloth) 
020 |a 1119950112 (electronic bk.) 
020 |a 1119950120 (electronic bk.) 
020 |a 1119951062 (electronic bk.) 
020 |a 9780470742600 (pbk.) 
020 |a 9780470742617 (cloth) 
020 |a 9781119950110 (electronic bk.) 
020 |a 9781119950127 (electronic bk.) 
020 |a 9781119951063 (electronic bk.) 
035 |a (OCoLC)777375559 
035 |a (OCoLC)ocn777375559 
035 |a 3970503 
040 |a EBLCP  |b eng  |c EBLCP  |d OCLCQ  |d DG1  |d N$T  |d YDXCP  |d VPI  |d TXA  |d UtOrBLW 
049 |a TXAM 
050 4 |a TD196.C45  |b P65 2012eb 
072 7 |a TEC  |x 010010  |2 bisacsh 
082 0 4 |a 363.73 
245 0 0 |a Pollutants, human health, and the environment :  |b a risk based approach /  |c editors Jane A. Plant, Nikolaos Voulvoulis, K. Vala Ragnarsdottir. 
264 1 |a Chichester, West Sussex, U.K. ;  |a Hoboken, N.J. :  |b Wiley-Blackwell,  |c 2012. 
300 |a 1 online resource (xviii, 357 pages) :  |b illustrations 
336 |a text  |b txt  |2 rdacontent 
337 |a computer  |b c  |2 rdamedia 
338 |a online resource  |b cr  |2 rdacarrier 
500 |a Electronic resource. 
504 |a Includes bibliographical references and index. 
588 |a Description based on print version record. 
650 0 |a Nature  |x Effect of human beings on.  |0 http://id.loc.gov/authorities/subjects/sh85080299 
650 0 |a Pollution.  |0 http://id.loc.gov/authorities/subjects/sh85104530 
650 0 |a Pollution  |x Health aspects. 
650 4 |a Engineering. 
650 4 |a Environmental Studies. 
650 4 |a Environmental engineering. 
650 4 |a Nature  |x Effect of human beings on. 
650 4 |a Pollution  |x Environmental aspects. 
650 4 |a Pollution  |x Health aspects. 
650 7 |a TECHNOLOGY & ENGINEERING / Environmental / Pollution Control.  |2 bisacsh 
655 7 |a Electronic books.  |2 local 
700 1 |a Plant, Jane A.  |0 http://id.loc.gov/authorities/names/n87118522 
700 1 |a Ragnarsdottir, Kristin Vala,  |d 1954-  |0 http://id.loc.gov/authorities/names/n87107373 
700 1 |a Voulvoulis, Nikolaos.  |0 http://id.loc.gov/authorities/names/n2011052741 
776 0 8 |i Print version:  |t Pollutants, human health, and the environment.  |d Chichester, West Sussex, U.K. ; Hoboken, N.J. : Wiley-Blackwell, 2012  |z 9780470742617  |w (DLC) 2011025642  |w (OCoLC)745609454 
830 0 |a Wiley online library. 
856 4 0 |u http://proxy.library.tamu.edu/login?url=https://dx.doi.org/10.1002/9781119950127  |z Connect to the full text of this electronic book  |t 0 
948 |a cataloged  |b h  |c 2012/3/22  |d c  |e jlanham  |f 11:37:28 am 
994 |a C0  |b TXA 
999 |a MARS 
999 f f |s 46495741-ba2f-362a-bbe8-84e30791a179  |i 3b882252-7ead-3860-b698-d3cf65af1c6f  |t 0 
952 f f |a Texas A&M University  |b College Station  |c Electronic Resources  |d Available Online  |t 0  |e TD196.C45 P65 2012eb  |h Library of Congress classification 
998 f f |a TD196.C45 P65 2012eb  |t 0  |l Available Online